Economic survey

Đã lưu trong:
书目详细资料
格式: 图书
语言:Undetermined
出版: Korea Economic Planning Board 1975
主题:
标签: 添加标签
没有标签, 成为第一个标记此记录!
Thư viện lưu trữ: Trung tâm Học liệu Trường Đại học Cần Thơ
LEADER 00427nam a2200169Ia 4500
001 CTU_92115
008 210402s9999 xx 000 0 und d
082 |a 338.9678 
082 |b E19 
245 0 |a Economic survey 
260 |a Korea 
260 |b Economic Planning Board 
260 |c 1975 
650 |a korea 
650 |x economic conditions 
904 |i Mai Loan 
980 |a Trung tâm Học liệu Trường Đại học Cần Thơ